Pianeta dell'esilio

Uloženo v:
Podrobná bibliografie
Hlavní autor: Le Guin, Ursula K.
Médium: Kniha
Jazyk:angličtina
Tagy: Přidat tag
Žádné tagy, Buďte první, kdo vytvoří štítek k tomuto záznamu!

MARC

LEADER 00000nam a2200000 4500
001 CDOM0000002405
003 mi
005 20250922183619.0
008 250922b |||||||| |||| 00| 0 eng d
040 |c mi 
100 |a Le Guin, Ursula K. 
245 1 |a Pianeta dell'esilio  
942 |2 ddc  |c BK 
952 |0 0  |1 0  |2 ddc  |4 0  |7 0  |9 5970  |a MI  |b MI  |d 1987-11-16  |i 618  |l 0  |p CDOM618  |r 2025-07-13 16:28:00  |w 2025-07-13  |x ACQUISTO  |y BK 
999 |c 4769  |d 4769